000 00413nam a2200181Ia 4500
008 230711s9999||||xx |||||||||||||| ||und||
020 _a978-93-5164-624-2
041 _aENG
082 _a615.7
_bPA-B
100 _aPatel,Priya
245 0 _aBiopharmaceutics
250 _a1st Ed.
260 _c2016
_aPune
_bNirali Prakashan
300 _a12.8p.
650 _aPharmacy
700 _aJani,Aashka
942 _cBK
999 _c7316
_d7316